2025/26 German Football League Teams - Statistics

General Stats
  • This quiz has been taken 145 times
  • The average score is 37 of 56
Answer Stats
League Team % Correct
Bundesliga Borussia Dortmund
100%
Bundesliga FC Bayern Munich
100%
Bundesliga Hamburger SV
98%
Bundesliga Bayer 04 Leverkusen
96%
Bundesliga RB Leipzig
95%
Bundesliga VfL Wolfsburg
94%
3. Liga Viktoria Köln
94%
Bundesliga 1. FC Köln
93%
Bundesliga 1. FC Union Berlin
92%
2. Bundesliga FC Schalke 04
92%
Bundesliga SV Werder Bremen
92%
Bundesliga VfB Stuttgart
92%
Bundesliga FC Augsburg
90%
Bundesliga Borussia Mönchengladbach
89%
Bundesliga Eintracht Frankfurt
89%
2. Bundesliga Hertha BSC
89%
2. Bundesliga 1. FC Nürnberg
83%
Bundesliga SC Freiburg
83%
2. Bundesliga Dynamo Dresden
82%
2. Bundesliga Hannover 96
80%
2. Bundesliga 1. FC Kaiserslautern
79%
Bundesliga 1. FC Heidenheim
77%
Bundesliga 1. FSV Mainz 05
77%
Bundesliga FC St. Pauli
77%
2. Bundesliga Fortuna Düsseldorf
72%
2. Bundesliga Holstein Kiel
71%
2. Bundesliga VfL Bochum
71%
2. Bundesliga Arminia Bielefeld
66%
3. Liga TSV 1860 Munich
63%
3. Liga Alemannia Aachen
62%
2. Bundesliga SC Paderborn 07
61%
3. Liga 1. FC Saarbrücken
60%
2. Bundesliga SpVgg Greuther Fürth
59%
2. Bundesliga Eintracht Braunschweig
58%
3. Liga Hansa Rostock
58%
2. Bundesliga SV Darmstadt 98
58%
3. Liga FC Ingolstadt 04
56%
Bundesliga TSG 1899 Hoffenheim
56%
3. Liga TSG Hoffenheim II
56%
3. Liga Rot-Weiß Essen
53%
3. Liga Waldhof Mannheim
53%
2. Bundesliga Karlsruher SC
52%
3. Liga MSV Duisburg
51%
2. Bundesliga 1. FC Magdeburg
50%
2. Bundesliga Preußen Münster
48%
3. Liga SSV Ulm 1846
48%
3. Liga Energie Cottbus
46%
3. Liga VfL Osnabrück
43%
2. Bundesliga SV Elversberg
42%
3. Liga FC Erzgebirge Aue
31%
3. Liga SV Wehen Wiesbaden
26%
3. Liga SSV Jahn Regensburg
24%
3. Liga SC Verl
22%
3. Liga TSV Havelse
20%
3. Liga 1. FC Schweinfurt
18%
3. Liga VfB Stuttgart II
14%
No matching quizzes found
Score Distribution
Percent of People with Each Score
Percentile by Number Answered
Your Score History
You have not taken this quiz